Kvety na rov...

Bibliographic Details
Main Author: Gaburová, Žela (Author)
Format: Article
Language:Slovak

MARC

LEADER 00000nab a2200000uu 4500
001 vtls010884597
003 SK-MaSNL
005 20260303144801.0
008 230222|1969 xo |||||||||||||||||slo|
015 |a SNBRB 
035 |a (urnnbn)urn:nbn:sk:snk:ar-002bko 
035 |a (uuid)1438cb47-2bd1-4203-92b2-e1e963003810 
035 |a urn:nbn:sk:snk-ab8fux 
040 |a SNKBUCL  |b slo  |c SNKBUCL  |e AACR2 
041 0 |a slo 
044 |a xo  |c SK 
100 1 |a Gaburová, Žela  |4 aut  |9 1166732 
245 1 0 |a Kvety na rov...  |c Žela Gaburová 
773 0 |t Slovenská hudba : revue pre hudobnú kultúru  |g Roč. 13, č. 3 (1969), s. 143-[144] 
954 |a odborná, vedecká literatúra pôvodná (slovenská)  |2 lita 
958 |a OND 
958 |a EUIPO 
958 |a article10 
999 |c 1999028  |d 2000958